| 000 | 01082nam a2200325Ia 4500 | ||
|---|---|---|---|
| 001 | Para_9118 | ||
| 003 | CHAP | ||
| 008 | 220125s2006 xx 000 0 und d | ||
| 010 | _a207871 | ||
| 040 | _cCHAP | ||
| 090 | _aPA TESIS 1966 | ||
| 100 |
_aJuárez Merlín, Karina _962452 |
||
| 245 |
_aDiagnóstico de enfermedades del chayote (Sechium edule (Jacq) Sw) en postcosecha en Coscomatepec, Veracruz, México / _c por Karina Juárez Merlín |
||
| 260 |
_aChapingo, Méx. : _b el autor |
||
| 300 | _a69 h. | ||
| 502 | _aTesis (Ing. Agr. Esp. en Parasitología Agrícola) -- UACh. Departamento Parasitología Agrícola | ||
| 650 |
_aChayote _x enfermedades _922083 |
||
| 650 |
_aCladosporium cucumerinum _9174344 |
||
| 650 |
_aColletotrichum _925250 |
||
| 650 |
_aFusarium oxysporum _944093 |
||
| 650 |
_aGeotrichum _9174345 |
||
| 650 |
_aPhytophthora capsici _987920 |
||
| 901 | _aPA TESIS 1966 | ||
| 902 | _aA | ||
| 905 | _a0000002006 ain 0000000000spa00 | ||
| 910 | _a2006 | ||
| 942 | _cPARA | ||
| 942 |
_cPARA _d2 |
||
| 999 |
_c207871 _d207871 |
||